000 00658nam a2200277Ia 4500
005 20260324144934.0
008 008 260324s9999 xx 000 0 eng d
020 _a9781315802213
037 _aEBOOK
040 _aCRL
040 _beng
040 _cCRL
041 _2eng
041 _aeng
084 _qCRL
100 _aRobin R. Vallacher; Daniel M. Wegner
_91221159
245 2 _aA Theory of Action Identification
260 _bTaylor and Francis
260 _c1985
365 _a
365 _b230
856 _uhttp://www.taylorfrancis.com/books/9781315802213
942 _cEBOOK
999 _c1828407
_d1828407